000 00681nam a2200169 4500
001 133423
003 ES-MaACL
005 20230906194412.0
007 t|
008 070214s1951 sp r ||||1| spa d
100 1 _aRuipérez Pérez, Antonio.
_9100583
245 1 0 _aTrabajo de los menores en la Historia de Cuenca
_b: ponencia... XIV Asamblea de la Unión Nacional de Tribunales de Menores, Oviedo 1951 /
_cAntonio Ruipérez Pérez.
260 _a[S. l. :
_bs. n.,
_c1951?] (
_eCuenca :
_fImp. de Falange)
300 _a36 p. ;
_c19 cm.
710 0 0 _aUnión Nacional de Tribunales de Menores.
_bAsamblea (
_cOviedo.
_d1951.
_n14ª)
_97049
852 _aES-MaACL
_j1940-F-19
_bR.31788
999 _c133423
_d133423